[Event "Bayern-ch (Women) 77th"]
[Site "Bad Woerishofen"]
[Date "2006.09.01"]
[Round "8"]
[White "Jussupow, Ekaterina"]
[Black "Heyne, Regina"]
[Result "1-0"]
[WhiteElo "1976"]
[BlackElo "1556"]
[PlyCount "81"]
[EventDate "2006.08.26"]
[EventType "swiss"]
[EventRounds "9"]
[EventCountry "GER"]
[SourceTitle "EXT 2007"]
[Source "ChessBase"]
[SourceDate "2006.11.23"]
[SourceVersion "1"]
[SourceVersionDate "2006.11.23"]
[SourceQuality "1"]

1. e4 e5 2. Nf3 Nc6 3. d4 exd4 4. Nxd4 Bc5 5. Be3 Qf6 6. c3 Nxd4 7. Bxd4 Bxd4 8. Qxd4 d6 9. Nd2 Qg6 10. 0-0-0 Ne7 11. f4 Nc6 12. Qe3 a6 13. h3 Qh5 14. Bc4 Be6 15. Bd5 0-0 16. g4 Qh4 17. Nf3 Qe7 18. Qd3 Rfe8 19. Rde1 Qd7 20. Ng5 h6 21. Bxe6 fxe6 22. Nf3 Qf7 23. Kb1 Qxf4 24. e5 Rad8 25. Re4 Qf7 26. g5 Rf8 27. Re3 Qf5 28. gxh6 Qxd3+ 29. Rxd3 gxh6 30. Rg1+ Kh7 31. exd6 cxd6 32. Nd2 Ne5 33. Rdg3 Rg8 34. Ne4 Rxg3 35. Rxg3 d5 36. Nc5 Re8 37. Nxb7 Nc6 38. Nc5 a5 39. Nd7 Kh8 40. Rg6 Re7 41. Nf6 1-0

[Event "Bayern-ch (Women) 76th"]
[Site "Wuerzburg"]
[Date "2005.09.03"]
[Round "9"]
[White "Heyne, Regina"]
[Black "Stegmaier, Erika"]
[Result "0-1"]
[WhiteElo "1531"]
[BlackElo "1524"]
[PlyCount "78"]
[EventDate "2005.08.27"]
[EventType "swiss"]
[EventRounds "9"]
[EventCountry "GER"]
[SourceTitle "EXT 2015"]
[Source "ChessBase"]
[SourceDate "2014.11.20"]
[SourceVersion "1"]
[SourceVersionDate "2014.11.20"]
[SourceQuality "1"]

1. e4 c5 2. Nf3 Nc6 3. d4 cxd4 4. Nxd4 d6 5. Bc4 e6 6. Nc3 a6 7. Be3 Nf6 8. Qd2 Qc7 9. Bb3 Be7 10. f4 0-0 11. h3 b5 12. a3 Bb7 13. Nf3 Na5 14. Qd3 Rac8 15. Kd2 Nc4+ 16. Bxc4 Qxc4 17. Qxc4 Rxc4 18. e5 dxe5 19. Nxe5 Rd8+ 20. Ke2 Rcc8 21. Rhg1 Ne4 22. Nxe4 Bxe4 23. c3 f6 24. Nf3 Bd3+ 25. Kf2 Rd5 26. Rad1 Rcd8 27. Rd2 Bc4 28. Rgd1 Rxd2+ 29. Rxd2 Bd5 30. Bb6 Rc8 31. Nd4 g6 32. Nc2 Rc6 33. Ba5 Bc5+ 34. Kg3 Kf7 35. Bb4 Bb6 36. Nd4 Rc8 37. a4 bxa4 38. Nf3 a5 39. Ba3 Rc4 0-1